logo

Bir Sreshtho Munshi Abdur Rouf Library
Jhenaidah Cadet College

New Additional Mathematics / (Record no. 5329)

MARC details
000 -LEADER
fixed length control field 00574nam a2200229 a 4500
001 - CONTROL NUMBER
JCCL Control Number 5329
003 - CONTROL NUMBER IDENTIFIER
JCCL marc code BD-JhCC
005 - DATE AND TIME OF LATEST TRANSACTION
control field 20171212180649.0
008 - FIXED-LENGTH DATA ELEMENTS--GENERAL INFORMATION
fixed length control field 171212s1989 ||||| |||| 00| 0 eng d
020 ## - INTERNATIONAL STANDARD BOOK NUMBER
International Standard Book Number 9971639289
035 ## - SYSTEM CONTROL NUMBER
system control number (BD-JhCC)
040 ## - CATALOGING SOURCE
Original cataloging agency BD-JhCC
Modifying agency BD-JhCC
041 ## - LANGUAGE CODE
Language code of Book eng
082 ## - DEWEY DECIMAL CLASSIFICATION NUMBER
Classification number 510
Author mark and Year HON 1989
100 ## - MAIN ENTRY--PERSONAL NAME
Personal name Hong, Mooi, Khor
245 ## - TITLE STATEMENT
Title New Additional Mathematics /
Statement of responsibility, etc Khor Mooi Hong
260 ## - PUBLICATION, DISTRIBUTION, ETC. (IMPRINT)
Place of publication, distribution, etc London :
Name of publisher, distributor, etc pan pacific publicans,
Date of publication, distribution, etc 1989
300 ## - PHYSICAL DESCRIPTION
Pagination 615 p. :
Other physical details ill. ;
Dimensions 26cm.
650 ## - SUBJECT ADDED ENTRY--TOPICAL TERM
Topical term or geographic name as entry element Mathematics
942 ## - ADDED ENTRY ELEMENTS (KOHA)
Source of classification or shelving scheme Dewey Decimal Classification
Koha item type Books
Holdings
Source of classification or shelving scheme Damaged status Not for loan Home library Current library Shelving location Date of accession Total Checkouts Full call number Barcode Date last seen Date checked out Copy number Koha item type
Dewey Decimal Classification     JCC Rouf Library JCC Rouf Library General Stacks 11/25/2024 1 510 HON 1989 7470 12/10/2024 11/25/2024 C - 1 Books

JCC Library | Contacts | JCC Home

Last Update on 23 September 2017
Copyright @ 2017-2020 JCC Rouf Library
Rouf Library, Jhenidah Cadet College (JCC), Bangladesh